000 00502nam a22001817a 4500
005 20260327122813.0
008 260327b |||||||| |||| 00| 0 eng d
020 _a978-93-5465-690-3
050 _aRC 58.P38 2023
100 _aK SUNIL RAVINDER PAU;
245 _aDR SUNIL'S ONE PAGE SOLUTIONS FOR GENERAL PRACTICE
250 _a3rd
260 _aNEW DELHI
_bJAYPEE BROTHERS PUBLISHERS
_c2023
300 _aX484
500 _aINCLUDES AN INDEX
650 _aMedicine practice
942 _2lcc
_cBK
999 _c216884
_d216884